Life, food and environment, 2008 [electronic resource] (Record no. 80712)

MARC details
000 -LEADER
fixed length control field 00981nam a2200181 a 4500
008 - FIXED-LENGTH DATA ELEMENTS--GENERAL INFORMATION
fixed length control field 140626c20089999||||||||||||||||| || u
050 ## - LIBRARY OF CONGRESS CALL NUMBER
Classification number CD/S 539.J3 Lif
110 ## - MAIN ENTRY--CORPORATE NAME
Corporate name or jurisdiction name as entry element Kyoto University. Faculty of Agriculture
245 10 - TITLE STATEMENT
Title Life, food and environment, 2008 [electronic resource]
Statement of responsibility, etc. Faculty of Agriculture, Kyoto University
Medium [cd-rom]
260 ## - PUBLICATION, DISTRIBUTION, ETC.
Place of publication, distribution, etc. Kyoto
Name of publisher, distributor, etc. Kyoto University
Date of publication, distribution, etc. 2008
300 ## - PHYSICAL DESCRIPTION
Extent CD-ROM
500 ## - GENERAL NOTE
General note Annual report of the Graduate School/Faculty of Agriculture, Kyoto University.
650 ## - SUBJECT ADDED ENTRY--TOPICAL TERM
Topical term or geographic name entry element AGRICULTURE--RESEARCH--JAPAN
650 ## - SUBJECT ADDED ENTRY--TOPICAL TERM
Topical term or geographic name entry element AGRICUTURE--ZAMBIA
995 ## -
-- e-RESOURCES
-- 20140042
-- CBU-MAIN LIBRARY (Kitwe)
-- CD/S 539.J3 Lif
-- 2
-- AVAILABLE
-- Jun 26, 2014
-- 20140042
-- e-Media Collection
995 ## -
-- e-RESOURCES
-- 20140043
-- CBU-MAIN LIBRARY (Kitwe)
-- CD/S 539.J3 Lif
-- 3
-- AVAILABLE
-- Jun 26, 2014
-- 20140043
-- e-Media Collection
995 ## -
-- e-RESOURCES
-- 20140041
-- CBU-MAIN LIBRARY (Kitwe)
-- CD/S 539.J3 Lif
-- 1
-- AVAILABLE
-- Jun 26, 2014
-- 20140041
-- e-Media Collection
999 ## -
-- 80712
-- 80712

No items available.